Reaction of submicron aluminum powders with liquid water. Macrokinetics, products, self-heating; Kinetics and Catalysis; Vol. 31, № 4

Xehetasun bibliografikoak
Parent link:Kinetics and Catalysis.— , 1968-
Vol. 31, № 4.— 1991.— P. 848-853
Beste egile batzuk: Lyashko A. P., Medvinskii A. A., Savel'ev G. G., Ilyin A. P. Aleksandr Petrovich, Yavorovsky N. A. Nikolay Aleksandrovich
Gaia:Oxidation by liquid water of submicron aluminum powders (SMP) prepared by the method of electric explosion of conductors with subsequent passivation was investigated. In contrast to more coarsely disperse powders, SMP undergo high degrees of conversion, up to ? ? 1. An x-ray-amorphous oxide with a specific surface area of up to 500 m2/g is the basic solid product of oxidation of SMP. It is hypothesized that the features of oxidation of SMP are due to self-heating of the particles and their aggregates during the reaction.
В фонде НТБ ТПУ отсутствует
Hizkuntza:ingelesa
Argitaratua: 1991
Gaiak:
Formatua: MixedMaterials Liburu kapitulua
KOHA link:https://koha.lib.tpu.ru/cgi-bin/koha/opac-detail.pl?biblionumber=602461

MARC

LEADER 00000naa0a2200000 4500
001 602461
005 20250303114805.0
035 |a (RuTPU)RU\TPU\tpu\28308 
035 |a RU\TPU\tpu\28307 
090 |a 602461 
100 |a 20160408d1991 k||y0rusy50 ba 
101 0 |a eng 
102 |a UA 
200 1 |a Reaction of submicron aluminum powders with liquid water. Macrokinetics, products, self-heating  |f A. P. Lyashko [et al.] 
320 |a References: 1 tit. 
330 |a Oxidation by liquid water of submicron aluminum powders (SMP) prepared by the method of electric explosion of conductors with subsequent passivation was investigated. In contrast to more coarsely disperse powders, SMP undergo high degrees of conversion, up to ? ? 1. An x-ray-amorphous oxide with a specific surface area of up to 500 m2/g is the basic solid product of oxidation of SMP. It is hypothesized that the features of oxidation of SMP are due to self-heating of the particles and their aggregates during the reaction. 
333 |a В фонде НТБ ТПУ отсутствует 
461 |t Kinetics and Catalysis  |d 1968- 
463 |t Vol. 31, № 4  |v P. 848-853  |d 1991 
610 1 |a труды учёных ТПУ 
610 1 |a поглощение энергии 
610 1 |a калориметрия 
701 1 |a Lyashko  |b A. P. 
701 1 |a Medvinskii  |b A. A. 
701 1 |a Savel'ev  |b G. G. 
701 1 |a Ilyin  |b A. P.  |c chemist  |c Professor of Tomsk Polytechnic University, Doctor of physical and mathematical sciences  |f 1949-  |g Aleksandr Petrovich  |3 (RuTPU)RU\TPU\pers\33060 
701 1 |a Yavorovsky  |b N. A.  |c physicist  |c Head of the laboratory of Tomsk Polytechnic University, Candidate of technical sciences  |f 1941-  |g Nikolay Aleksandrovich  |3 (RuTPU)RU\TPU\pers\31935 
801 1 |a RU  |b 63413507  |c 20160316 
801 2 |a RU  |b 63413507  |c 20160408  |g RCR 
942 |c CR